An introduction to systems analysis, with ecological applications / (Record no. 14617)
[ view plain ]
| 000 -LEADER | |
|---|---|
| fixed length control field | 00533cam a2200181 i 4500 |
| 020 ## - INTERNATIONAL STANDARD BOOK NUMBER | |
| ISBN | 0839113056 |
| 040 ## - CATALOGING SOURCE | |
| Transcribing agency | DLC |
| 082 ## - DEWEY DECIMAL CLASSIFICATION NUMBER | |
| Classification number | 574 UNI 1978 A059 Or. |
| 100 10 - MAIN ENTRY--AUTHOR NAME | |
| Personal name | Jeffers, J. N. R. |
| 245 13 - TITLE STATEMENT | |
| Title | An introduction to systems analysis, with ecological applications / |
| 260 0# - PUBLICATION, DISTRIBUTION, ETC. (IMPRINT) | |
| Place of publication | Baltimore : |
| Name of publisher | University Park Press, |
| Year of publication | [1978] |
| 300 ## - PHYSICAL DESCRIPTION | |
| Number of Pages | x, 198 p. : |
| Other physical details | ill. ; |
| Dimensions | 22 cm |
| 490 0# - SERIES STATEMENT | |
| Series statement | A series of student texts in contemporary biology |
| 500 ## - GENERAL NOTE | |
| General note | Includes index |
| 650 #0 - SUBJECT ADDED ENTRY--TOPICAL TERM | |
| Topical Term | Ecology |
| 650 #0 - SUBJECT ADDED ENTRY--TOPICAL TERM | |
| Topical Term | System analysis |
| 942 ## - ADDED ENTRY ELEMENTS (KOHA) | |
| Koha item type | សៀវភៅភាសាអង់គ្លេស |
| 952 ## - LOCATION AND ITEM INFORMATION (KOHA) | |
| Withdrawn status [LOCAL, KOHA] | 0 |
| Permanent Location | Date acquired | Koha item type | Lost status | Shelving location | Barcode | Current Location | Full call number |
|---|---|---|---|---|---|---|---|
| Library Block A | 2017-10-20 | សៀវភៅភាសាអង់គ្លេស | A059 | A06111 | Library Block A | 574 UNI 1978 A059 Or. |